00310nam a22001457a 4500003000400000005001700004008004100021020001500062040000700077082001000084100001000094245002800104260002400132300000800156OSt20211119150850.0211119b |||||||| |||| 00| 0 eng d a0023767809 cHU a338.9 aMARIN aINDUSTRIAL ECONOMICS . aNEW YORKbINCc1988 a540